[Event "Catalunya-ch Seniors"]
[Site "Malgrat del Mar"]
[Date "2023.05.20"]
[Round "7"]
[White "Borras Julian, Teodoro"]
[Black "Walter Travella, German"]
[Result "1-0"]
[WhiteElo "1724"]
[BlackElo "1750"]
[PlyCount "66"]
[EventDate "2023.05.14"]
[EventType "swiss"]
[EventRounds "8"]
[EventCountry "ESP"]
[SourceTitle "CBM 214 Extra"]
[Source "ChessBase"]
[SourceDate "2023.07.31"]
[SourceVersion "1"]
[SourceVersionDate "2023.07.31"]
[SourceQuality "1"]

1. e4 Nc6 2. Nc3 Nf6 3. d4 d5 4. e5 Ne4 5. Nxe4 dxe4 6. c3 Qd5 7. b3 Bf5 8. Bc4 Qd7 9. Ne2 Na5 10. Ng3 Nxc4 11. bxc4 e6 12. 0-0 c5 13. Bb2 0-0-0 14. Qe2 f6 15. exf6 gxf6 16. Nxe4 Qg7 17. Ng3 Rg8 18. f3 Bd6 19. Nxf5 exf5 20. Rae1 Qh6 21. f4 Bxf4 22. h3 Rde8 23. Qf3 Be3+ 24. Kh1 f4 25. Qd5 Rg5 26. Qd6 Reg8 27. Re2 Qh5 28. Rfe1 Qg6 29. g4 Qe4+ 30. Kh2 Qf3 31. Rxe3 Qf2+ 32. Kh1 fxe3 33. Qe6+ Kb8 1-0

[Event "Catalunya-ch Seniors"]
[Site "Malgrat del Mar"]
[Date "2023.05.14"]
[Round "1"]
[White "Hueso Moliner, Jorge"]
[Black "Borras Julian, Teodoro"]
[Result "1-0"]
[WhiteElo "2017"]
[BlackElo "1724"]
[PlyCount "93"]
[EventDate "2023.05.14"]
[EventType "swiss"]
[EventRounds "8"]
[EventCountry "ESP"]
[SourceTitle "CBM 214 Extra"]
[Source "ChessBase"]
[SourceDate "2023.07.31"]
[SourceVersion "1"]
[SourceVersionDate "2023.07.31"]
[SourceQuality "1"]

1. e4 Nf6 2. e5 Nd5 3. d4 d6 4. Nf3 Bg4 5. Be2 e6 6. 0-0 Be7 7. c4 Nb6 8. exd6 cxd6 9. Be3 0-0 10. Nc3 Nc6 11. b3 d5 12. c5 Nd7 13. h3 Bxf3 14. Bxf3 b6 15. cxb6 Qxb6 16. Rc1 Ba3 17. Na4 Qb7 18. Rc3 Rac8 19. Be2 Nb4 20. Qb1 Rc7 21. Bf4 Rc6 22. Bc1 Rxc3 23. Nxc3 Bxc1 24. Rxc1 Qb6 25. a3 Nc6 26. Na4 Qb7 27. Qd3 Na5 28. Nc5 Nxc5 29. Rxc5 Nc6 30. Qc3 Rc8 31. b4 Ne7 32. Bd3 g6 33. b5 Kf8 34. a4 Ke8 35. a5 Kd8 36. Qd2 Nf5 37. Bxf5 gxf5 38. Qh6 Qe7 39. Qc1 Rxc5 40. dxc5 e5 41. b6 axb6 42. cxb6 Qb7 43. Qc5 Ke8 44. Qd6 e4 45. Qe5+ Kf8 46. Qc7 Qa6 47. b7 1-0

[Event "World Amateur-ch U2000"]
[Site "Cagliari"]
[Date "2018.04.24"]
[Round "4"]
[White "Borras Julian, Teodoro"]
[Black "Alem, Ali Hussien"]
[Result "1/2-1/2"]
[WhiteElo "1829"]
[BlackElo "1745"]
[PlyCount "107"]
[EventDate "2018.04.22"]
[EventType "swiss"]
[EventRounds "9"]
[EventCountry "ITA"]
[SourceTitle "CBM 184 Extra"]
[Source "ChessBase"]
[SourceDate "2018.06.28"]
[SourceVersion "1"]
[SourceVersionDate "2018.06.28"]
[SourceQuality "1"]

1. e4 d6 2. d4 Nf6 3. Bd3 g6 4. Nf3 Bg7 5. 0-0 0-0 6. h3 Nbd7 7. Be3 c5 8. c3 b6 9. Qd2 Bb7 10. d5 e6 11. c4 exd5 12. exd5 Re8 13. Nc3 a6 14. a4 Ne5 15. Nxe5 Rxe5 16. Bf4 Re7 17. Bg5 Qc7 18. Qf4 Nh5 19. Qf3 Re5 20. Bd2 Rae8 21. g4 Nf6 22. Bf4 R5e6 23. Qg3 Re5 24. Bxe5 Rxe5 25. Rfe1 Rg5 26. Qe3 Re5 27. Qg3 Nd7 28. f4 Rxe1+ 29. Rxe1 Bd4+ 30. Kg2 b5 31. axb5 Qa5 32. Re7 Qd8 33. Re2 Qa5 34. bxa6 Bxa6 35. Ne4 Qa1 36. Nxd6 Qg1+ 37. Kf3 Qf1+ 38. Rf2 Qxd3+ 39. Kg2 Qxg3+ 40. Kxg3 Bxf2+ 41. Kxf2 Kf8 42. b3 Ke7 43. Ne4 Bc8 44. f5 Kd8 45. Ke3 Kc7 46. f6 h6 47. h4 Ne5 48. g5 hxg5 49. hxg5 Kb6 50. Nd6 Bf5 51. Kf4 Nd3+ 52. Ke3 Ne5 53. Kf4 Nd3+ 54. Ke3 1/2-1/2

[Event "Catalunya-ch Seniors 30th"]
[Site "Barcelona"]
[Date "2014.05.20"]
[Round "4"]
[White "Sanz Bastos, Fernando"]
[Black "Borras Julian, Teodoro"]
[Result "1-0"]
[WhiteElo "2152"]
[BlackElo "2024"]
[PlyCount "99"]
[EventDate "2014.05.17"]
[EventType "swiss"]
[EventRounds "9"]
[EventCountry "ESP"]
[SourceTitle "CBM 160 Extra"]
[Source "ChessBase"]
[SourceDate "2014.07.01"]
[SourceVersion "1"]
[SourceVersionDate "2014.07.01"]
[SourceQuality "1"]

1. e4 d6 2. Nc3 g6 3. g3 Bg7 4. d3 c5 5. Bg2 Nc6 6. Be3 Rb8 7. Qd2 b5 8. Nf3 b4 9. Nd1 a5 10. 0-0 Nd4 11. Ne1 h5 12. h3 Bh6 13. c3 bxc3 14. bxc3 Nc6 15. Bxh6 Nxh6 16. Ne3 Ba6 17. f4 0-0 18. Rf2 Kg7 19. f5 Ne5 20. Nd5 e6 21. f6+ Kh7 22. Ne7 Ng8 23. d4 Nc4 24. Qg5 Qc7 25. g4 Rbe8 26. gxh5 Nxe7 27. fxe7 Qxe7 28. hxg6+ Kg7 29. Qxe7 Rxe7 30. Rxf7+ Rexf7 31. gxf7 Rxf7 32. Nc2 Kh6 33. Rf1 Rxf1+ 34. Bxf1 Kg5 35. e5 d5 36. dxc5 Kf4 37. c6 Kxe5 38. h4 Kf4 39. c7 e5 40. Bh3 Nd6 41. Kf2 Bc8 42. Bxc8 Nxc8 43. Ne3 d4 44. Ng2+ Ke4 45. cxd4 exd4 46. h5 Kf5 47. Ke2 Kg5 48. Nf4 Nd6 49. Kd3 Kh6 50. a4 1-0